Vida extra: Los videojuegos como nunca los has visto.
Gespeichert in:
| 1. Verfasser: | |
|---|---|
| Weitere Verfasser: | |
| Format: | Buch |
| Veröffentlicht: |
Barcelona, España:
Grijalbo,
2015.
|
| Ausgabe: | Primera edición. |
| Schlagworte: | |
| Tags: |
Tag hinzufügen
Keine Tags, Fügen Sie den ersten Tag hinzu!
|
MARC
| LEADER | 00000nam a22000007a 4500 | ||
|---|---|---|---|
| 003 | CL-VaPUC | ||
| 005 | 20250321101918.0 | ||
| 008 | 250114t2015 ||||| |||| 00| 0 eng d | ||
| 999 | |c 446485 |d 446483 | ||
| 020 | |a 978-84-253-5278-2 | ||
| 040 | |c Pontificia Universidad Católica de Valparaíso | ||
| 082 | |a 794.8 TOS 2015 | ||
| 100 | |9 895354 |a Tost, Gina |e autora | ||
| 245 | |a Vida extra: |b Los videojuegos como nunca los has visto. | ||
| 250 | |a Primera edición. | ||
| 260 | |a Barcelona, España: |b Grijalbo, |c 2015. | ||
| 300 | |a 202 páginas. | ||
| 500 | |a c.1-c.2 Instituto Arcos.08-01-2025. | ||
| 583 | |c 20250114 |k Gabriela Rodríguez Cuevas | ||
| 650 | 0 | |9 536738 |a Videojuegos |x Aspectos sociales | |
| 700 | |9 895355 |a Boira, Oriol |e autor | ||
| 942 | |2 ddc |c BK |n 0 | ||
| 952 | |0 0 |1 0 |2 ddc |4 0 |6 794_800000000000000_TOS_2015 |7 0 |9 599244 |a BIBINC |b BIBINC |c GEN |d 2025-01-14 |e Instituto Arcos |i 5664064 |o 794.8 TOS 2015 |p 5664064 |r 2025-01-14 |t 1 |w 2025-01-14 |y BK |k IFP | ||
| 952 | |0 0 |1 0 |2 ddc |4 0 |6 794_800000000000000_TOS_2015 |7 0 |9 599245 |a BIBINC |b BIBINC |c GEN |d 2025-01-14 |e Instituto Arcos |i 5664065 |o 794.8 TOS 2015 |p 5664065 |r 2025-01-14 |t 2 |w 2025-01-14 |y BK |k IFP | ||